01557cam a2200325 a 450000100190000000500170001900800410003601000150007701500150009202000180010703500330012503500190015803500200017704000180019704100080021504200140022305000230023710000440026024501310030426000480043530000470048350400530053052004820058365000320106565000350109765000220113265000170115470000310117170000290120299110595702270619620250321174209.0020327s2002 enka b 001 0 eng d a2002277706 aGBA1-U8307 a9780470842270 a(UTL)5223380-01utoronto_inst a(SIRSI)5223380 a(OCoLC)59381557 aUKMcUKMdDLC aeng alccopycat00aHD30.3b.A395 2002 aAllan, Julieq(Julie Stephanie)eauthor14aThe power of the taleb: using narratives for organisational successc/ Julie Allan and Gerard Fairtlough and Barbara Heinzen. aChichester ;aNew York, NY :bWiley,c2002. axiii, 306 pages :billustrations ;c24 cm. aIncludes bibliographical references and indexes. aStory-telling is one of the best ways for individuals, groups, organizations and societies to learn. Skill in story-telling and in other narrative activities allows us to understand complexity, live with uncertainty, communicate well and increase personal and organizational effectiveness. As organizations move away from old-fashioned command and control, they will increasingly need the bonds of shared stories, which create shared language, shared visions and shared values. 0aCommunication in management 0aCommunication in organizations 0aCorporate culture 0aStorytelling aFairtlough, Gerardeauthor aHeinzen, Barbaraeauthor